| 000 | 01251nam a2200229Ia 4500 | ||
|---|---|---|---|
| 003 | Ost | ||
| 005 | 20260507075636.0 | ||
| 008 | 260507s9999||||xx |||||||||||||| ||und|| | ||
| 020 | _a4125723977 | ||
| 040 | _cfsecg | ||
| 041 | _aara | ||
| 082 | _a658.8 | ||
| 100 |
_aالخضيري، محسن أحمد _eمؤلف |
||
| 245 | 0 |
_aالتسويق المصرفي : _bمدخل متكامل للبنوك لإمتلاك منظومة المزايا التنافسية في عالم ما بعد الجات / _c محسن أحمد الخضيري |
|
| 260 |
_aالقاهرة: _bايتراك للنشر والتوزيع, _c1999 |
||
| 300 |
_a411 صفحة؛ _bإيضاحات ؛ _c24 سم |
||
| 520 | _aدور التسويق في إدارة النشاط المصرفي- دراسة العميل والسوق المصرفي- إختيار موقع وتوزيع شبكة فروع البنك- ترويج الخدمات المصرفية- تطوير مزيج الخدمات المصرفية- استراتيجيات التسويق المصرفي- الرقابة على نشاط التسويق المصرفي-المفاوضات التسويقية | ||
| 653 | _aالبنوك | ||
| 653 | _aالتسويق | ||
| 653 | _aالتسويق المصرفي | ||
| 942 | _cكتاب | ||
| 999 |
_c45300 _d45300 |
||